Athlètes Mondiaux par Images (Athlétisme) #1 - Statistiques

Statistiques générales
  • Ce quiz a été pris 220 fois
    49 depuis la dernière actualisation
  • Le résultat moyen est 8 sur 20
Statistiques - réponses
Par images Hint Réponse % Correct
Jamaïque Usain Bolt
100%
France Renaud Lavillenie
93%
France Pierre-Ambroise Bosse
61%
Kenya Eliud Kipchoge
57%
États Unis Carl Lewis
52%
Côte d'Ivoire Marie-Josée Ta Lou-Smith
48%
Qatar Mutaz Essa Barshim
43%
Éthiopie Gudaf Tsegay
39%
Belgique Nafissatou Thiam
39%
Norvège Jakob Ingebrigtsen
37%
Sainte Lucie Julien Alfred
35%
États Unis Gabrielle Thomas
30%
États Unis Rai Benjamin
30%
France Marie Amélie Le Fur
22%
Ouganda Joshua Cheptegei
20%
Tchécoslovaquie Emil Zatopek
13%
États Unis Mike Powell
13%
Espagne Maria Perez
11%
Suisse Marcel Hug
4%
Pays Bas Fleur Jong
2%
Aucun quiz correspondant
Distribution des résultats
% des personnes avec chaque résultat
Percentile par nombre de réponses
Votre historique - résultats
Vous n’avez pas pris ce quiz depuis la dernière actualisation